000 00704nam a2200229Ia 4500
005 20241129111428.0
008 241129s9999||||xx |||||||||||||| ||und||
020 _a978-93-90887-55-2
037 _aTB
040 _aCRL
_beng
_cCRL
041 _aurd
_2urd
084 _aY73(Q72):45114.44Q7 168R2
_qCRL
100 _aHussaini Mohammad Aamir Au.
245 0 _aPakistan mein Shia naslkushi: afsan ya haqeeqat
_cHussaini Mohammad Aamir Au.
260 _aLucknow, India
_bMatterlink
_c2022
300 _a287p.
365 _aINR
_b800
546 _aTranslated from English to Urdu
650 _aSociology
942 _cTB
_hY73(Q72):45114.44Q7 168R2
999 _c1230431
_d1230431